[Event "Madrid-chT Honor 2122"]
[Site "Madrid"]
[Date "2022.03.06"]
[Round "12.3"]
[White "Fernandez Lledo, Javier"]
[Black "Arriaga Lugo, Ricardo"]
[Result "1-0"]
[WhiteElo "2248"]
[BlackElo "2191"]
[PlyCount "87"]
[EventDate "2021.11.27"]
[EventType "team-tourn"]
[EventRounds "14"]
[EventCountry "ESP"]
[SourceTitle "EXT 2024"]
[Source "ChessBase"]
[SourceDate "2023.10.10"]
[SourceVersion "1"]
[SourceVersionDate "2023.10.10"]
[SourceQuality "1"]
[WhiteTeam "Alcala de Henares"]
[BlackTeam "La Didactica"]
[WhiteTeamCountry "ESP"]
[BlackTeamCountry "ESP"]

1. Nf3 Nf6 2. b3 d5 3. Bb2 g6 4. g3 Bg7 5. c4 c6 6. Bg2 0-0 7. 0-0 Re8 8. d4 b6 9. Nc3 Bb7 10. Ne5 e6 11. e4 Na6 12. f4 Rb8 13. f5 dxe4 14. fxg6 fxg6 15. Nxe4 Nxe4 16. Bxe4 Bxe5 17. dxe5 c5 18. Qe2 Bxe4 19. Qxe4 Qd2 20. Rf2 Qd7 21. Bc3 Rbd8 22. Raf1 Qd3 23. Qxd3 Rxd3 24. Bd2 h5 25. Bh6 Rd7 26. Bf8 Nb4 27. Bd6 Nc6 28. h3 Nd4 29. g4 hxg4 30. hxg4 Kg7 31. Kg2 Rh8 32. Bf8+ Kg8 33. Rf6 Rhh7 34. Rxg6+ Kh8 35. Bxc5 Rhg7 36. Rh6+ Rh7 37. Rf8+ Kg7 38. Rxh7+ Kxh7 39. Bd6 Kg6 40. Rg8+ Kh6 41. b4 Rf7 42. Rf8 Rg7 43. Rf4 Ne2 44. Rf2 1-0

[Event "Madrid-chT Honor 2122"]
[Site "Madrid"]
[Date "2022.02.05"]
[Round "8.3"]
[White "Garcia Luengo, Leandro"]
[Black "Arriaga Lugo, Ricardo"]
[Result "1/2-1/2"]
[WhiteElo "2275"]
[BlackElo "2191"]
[PlyCount "144"]
[EventDate "2021.11.27"]
[EventType "team-tourn"]
[EventRounds "14"]
[EventCountry "ESP"]
[SourceTitle "EXT 2024"]
[Source "ChessBase"]
[SourceDate "2023.10.10"]
[SourceVersion "1"]
[SourceVersionDate "2023.10.10"]
[SourceQuality "1"]
[WhiteTeam "Villalba 64"]
[BlackTeam "La Didactica"]
[WhiteTeamCountry "ESP"]
[BlackTeamCountry "ESP"]

1. e4 c5 2. Nc3 d6 3. f4 e6 4. Nf3 Nc6 5. d4 cxd4 6. Nxd4 Nf6 7. Be3 Be7 8. Qf3 a6 9. 0-0-0 Qc7 10. Rg1 Nxd4 11. Bxd4 e5 12. fxe5 dxe5 13. Qg3 Be6 14. Bxe5 Qa5 15. Bc7 Qc5 16. Bd6 Bxd6 17. Qxd6 Rc8 18. Qxc5 Rxc5 19. Be2 Nd7 20. Nd5 Ne5 21. Rd4 Bxd5 22. exd5 Kd7 23. Rgd1 Rd8 24. Kb1 Kd6 25. a3 Rdc8 26. c3 g6 27. Rb4 Kc7 28. Rf4 f5 29. c4 Kd6 30. b4 Rxc4 31. Bxc4 Nxc4 32. Rd3 b5 33. g4 Ke5 34. Rf2 Ke4 35. Rh3 Rc7 36. gxf5 gxf5 37. Re2+ Kd4 38. Re6 Kxd5 39. Rxa6 Rf7 40. Rah6 Rg7 41. Rg3 Re7 42. Rf6 Re1+ 43. Kc2 Ke5 44. Rf7 Re2+ 45. Kc3 Rxh2 46. a4 Nd6 47. Re7+ Kf6 48. Rgg7 bxa4 49. Rxh7 Rg2 50. Rd7 Ne4+ 51. Kd4 Rb2 52. Rhf7+ Ke6 53. Rfe7+ Kf6 54. Rf7+ Ke6 55. Rde7+ Kd6 56. Rb7 Ke6 57. Rfc7 a3 58. Rc6+ Nd6 59. Ra6 a2 60. Rbb6 Ke7 61. Rxd6 a1Q 62. Re6+ Kd7 63. Rxa1 Kxe6 64. Ra6+ Ke7 65. Kc5 f4 66. b5 f3 67. Ra3 f2 68. Rf3 Ke6 69. b6 Ke5 70. Kc6 Ke4 71. Rf8 Ke3 72. Kc7 Ke2 1/2-1/2

[Event "Madrid-chT Honor 2122"]
[Site "Madrid"]
[Date "2022.01.30"]
[Round "7.2"]
[White "Pulvett Marin, Daniel Eduardo"]
[Black "Arriaga Lugo, Ricardo"]
[Result "1-0"]
[WhiteElo "2498"]
[BlackElo "2191"]
[PlyCount "127"]
[EventDate "2021.11.27"]
[EventType "team-tourn"]
[EventRounds "14"]
[EventCountry "ESP"]
[SourceTitle "EXT 2024"]
[Source "ChessBase"]
[SourceDate "2023.10.10"]
[SourceVersion "1"]
[SourceVersionDate "2023.10.10"]
[SourceQuality "1"]
[WhiteTeam "Collado Villalba"]
[BlackTeam "La Didactica"]
[WhiteTeamCountry "ESP"]
[BlackTeamCountry "ESP"]

1. d4 Nf6 2. c4 e6 3. Nf3 d5 4. g3 Be7 5. Bg2 c6 6. 0-0 0-0 7. Qc2 b6 8. b3 Bb7 9. Bb2 Nbd7 10. Nc3 Rc8 11. Rfd1 Qc7 12. Rac1 Rfd8 13. e3 Qb8 14. Qe2 Bf8 15. Nd2 c5 16. cxd5 Nxd5 17. Nxd5 Bxd5 18. e4 Bb7 19. Nc4 cxd4 20. Bxd4 Nc5 21. b4 Nd7 22. Qb2 Qa8 23. f3 Nb8 24. Bf1 Nc6 25. Bc3 Rxd1 26. Rxd1 Rd8 27. Rd2 Rxd2 28. Qxd2 Qd8 29. Qxd8 Nxd8 30. Kf2 f6 31. Ke3 Kf7 32. f4 Nc6 33. a3 Be7 34. g4 g6 35. Bd3 Bf8 36. h4 h6 37. e5 fxe5 38. Bxe5 b5 39. Nd6+ Bxd6 40. Bxd6 a6 41. Be4 h5 42. g5 Nd8 43. Bb1 Nc6 44. Be4 Nd8 45. Bc2 Nc6 46. Bb3 a5 47. Bc2 axb4 48. axb4 Ba6 49. Be4 Bb7 50. Be5 Nd8 51. Bd3 Nc6 52. Bd6 Ba6 53. Be2 Ke8 54. Kd3 Kd7 55. Bc5 Ke8 56. Kc3 Kf7 57. Bd3 Kg7 58. Bd4+ Kf7 59. Bf6 Nb8 60. Be5 Nd7 61. Kd4 Nb6 62. Kc5 Nc4 63. Bxc4 bxc4 64. b5 1-0